| 000 | 00580nam a22002297a 4500 | ||
|---|---|---|---|
| 003 | UA-OsUOA | ||
| 001 | 64961 | ||
| 007 | ta | ||
| 008 | 20091111b un ||||| |||| 00| 0 ukr d | ||
| 100 | _aЧорногор Я. | ||
| 700 | _aВрадій О. | ||
| 090 |
_a32 _bЧ-75 |
||
| 942 | _cSA | ||
| 040 |
_aUA-OsUOA _bukr _cUA-OsUOA _dUA-OsUOA |
||
| 245 | _aЕнергетична безпека сучасної Європи | ||
| 300 | _aС.26-28 | ||
| 955 | _a0 | ||
| 041 | _aukr | ||
| 080 | _a32 | ||
| 773 | 0 |
_w64954 _tВіче _dК. _d2009 _g20 |
|
| 650 | 7 |
_a32 Політика _2UDC |
|
| 999 |
_c351069 _d351069 |
||